Bí quyết vẽ sơn dầu

Bewaard in:
Bibliografische gegevens
Hoofdauteur: Hùynh Phạm Hương Trang
Formaat: Boek
Taal:Undetermined
Gepubliceerd in: Hà Nội Mỹ Thuật 1996
Onderwerpen:
Tags: Voeg label toe
Geen labels, Wees de eerste die dit record labelt!
Thư viện lưu trữ: Trung tâm Học liệu Trường Đại học Cần Thơ
LEADER 00533nam a2200193Ia 4500
001 CTU_39612
008 210402s9999 xx 000 0 und d
020 |b 30.000đ 
082 |a 751.7 
082 |b Tr106s 
100 |a Hùynh Phạm Hương Trang 
245 0 |a Bí quyết vẽ sơn dầu 
245 0 |c Hùynh Phạm Hương Trang 
260 |a Hà Nội 
260 |b Mỹ Thuật 
260 |c 1996 
650 |a painting 
904 |i Minh, 001127 
980 |a Trung tâm Học liệu Trường Đại học Cần Thơ